000 00787cam a22002531 4500
001 36290
003 BD-RjUL
005 20211209052451.0
008 140619s1965 nju b 000 0 eng
035 _a(BD-RjUL)36387
040 _aDLC
_cWa
_dBD-RjUL
_beng
041 _aeng
082 0 0 _a338.1247
_bPLC 1965
100 1 _aPloss, Sidney I.
_9110453
245 1 0 _aConflict and decision-making in Soviet Russia ;
_ba case study of agricultural policy, 1953-1963 /
_cby Sidney I. Ploss.
260 _aPrinceton, N.J.,
_bPrinceton University Press,
_c1965.
300 _a312 p. ;
_c22 cm.
504 _aBibliography: p. 295-301.
650 0 _aAgriculture and state
_zSoviet Union.
_916970
942 _2ddc
_cBK
999 _c36290
_d36290